000 00770nam a2200193 a 4500
005 20210219160141.0
008 080917s1983 mx r 000 0 spa d
035 _aUPN01000159493
049 _aUNE
080 _a373.68 (866) BAS
245 0 0 _aBases para el planeamiento del curriculo de la educación técnica agropecuaria e industrial (El perfil profesional, tareas típicas y requerimiento de las empresas)
260 _aSantiago de Chile :
_bOREALC,
_c1983.
300 _a183 p. ;
_bfot., lamns.
690 _aEnseñanza agricola- Ecuador
690 _aEnseñanza tecnica- Ecuador
710 2 _aOREALC. Oficina Regional de Educación de la UNESCO para América Latina y el Caribe
710 2 _aEcuador. Ministerio de Educación y Cultura.
905 _aUNESCO
999 _c131607
_d131607